000 00325nam a22001457a 4500
008 210311b ||||| |||| 00| 0 eng d
020 _a9780030202186
041 _aeng
080 _23th
_a575
082 _23th
_a575
100 _a5
101 _aBIO
245 _aOrganic & Biochemistry
_cBettelheim,A.F
942 _2udc
_cBK
999 _c56356
_d56356